000 00889nam a2200229 a 4500
001 38876
003 BD-RjUL
005 20251222103209.0
008 160417r20131985ben||||e |||| 00| 0 d
020 _a9844102758
035 _a(BD-RjUL)38876
040 _aBD-RjUL
_bben
_cBD-RjUL
041 _aben
082 _223
_a410
_bMOA 2022
100 _aমোরশেদ, আবুল কালাম মনজুর
_9119908
245 1 0 _aআধুনিক ভাষাতত্ত্ব /
_cআবুল কালাম মনজুর মোরশেদ
260 _aঢাকা :
_bমাওলা ব্রাদার্স,
_c১৯৮৫ [মুদ্রণ ২০১৩,২০২২]
300 _a[২০] , ৪৯২ পৃ. :
_bচিত্র ;
_c২২ সেমি.
650 _aভাষাতত্ত্ব
_9122393
650 _aLinguistics
_9122394
942 _2ddc
_cBK
999 _c38876
_d38876